| 000 | 00945nam a22002417a 4500 | ||
|---|---|---|---|
| 005 | 20230908153338.0 | ||
| 008 | 230908b ||||| |||| 00| 0 eng d | ||
| 020 | _a9781642671322 | ||
| 020 | _a9781642671339 | ||
| 020 | _a9781642671346 | ||
| 020 | _a9781642671353 | ||
| 040 |
_aCO-BoUCM _cDavid Moreno _dDavid Moreno |
||
| 041 | _aeng | ||
| 245 | 1 | 0 |
_aHow college students succeed : _bmaking meaning across disciplinary perspectives / _cedited by Nicholas A. Bowman |
| 250 | _aFirst edition | ||
| 260 |
_aSterling, VI _bStylus Publishing, LLC _c2022 |
||
| 300 | _a ix, 313 Paginas | ||
| 504 | _aIncluye referencias bibliográficas e índices | ||
| 650 | 1 | 7 |
_aUniversidades-asistencia _xDesercion universitaria _xPrevención enfoque interdisciplinario en la educación _9178740 |
| 700 | 1 |
_aBowman, Nicholas A. _d1979- _eeditor _9178741 |
|
| 942 |
_2DEWEY _a10 _cLIBRO _e1 _h378.1691 _mB787h _n0 |
||
| 999 |
_c323127 _d323127 |
||